[Event "136th YMCA Winter C"]
[Site "Warszawa"]
[Date "2014.01.06"]
[Round "1"]
[White "Tegi, Robert"]
[Black "Kaniewska, Emilia"]
[Result "1/2-1/2"]
[WhiteElo "1733"]
[BlackElo "1713"]
[PlyCount "120"]
[EventDate "2014.01.06"]
[EventType "tourn"]
[EventRounds "1"]
[EventCountry "POL"]
[SourceDate "2014.01.06"]

1. d4 f5 2. e4 fxe4 3. Nc3 Nf6 4. Bg5 g6 5. Bxf6 exf6 6. Nxe4 Qe7 7. Qe2 Bg7 8.
O-O-O d5 9. Nc3 Qxe2 10. Bxe2 c6 11. h4 Kf7 12. h5 b5 13. hxg6+ hxg6 14. Rxh8
Bxh8 15. Bf3 Be6 16. Nge2 g5 17. Bh5+ Ke7 18. f4 g4 19. f5 Bxf5 20. Nf4 Kd6 21.
Rf1 Bd7 22. Rh1 Na6 23. Bg6 f5 24. Nce2 Nc7 25. Rh6 Bg7 26. Rh7 Bf6 27. Rf7 Ne8
28. Kd1 a5 29. Nh5 Bg5 30. Bxf5 Be6 31. Bxe6 Kxe6 32. Rf8 Nc7 33. Nef4+ Ke7 34.
Ng6+ Kd6 35. Rxa8 Nxa8 36. Ne5 Be3 37. c3 g3 38. Nxg3 Bf4 39. Nf5+ Ke6 40. Ng7+
Kd6 41. Nd3 Bg5 42. Nf5+ Ke6 43. Ng3 Nb6 44. b3 Nd7 45. Ke2 Nf6 46. Nc5+ Kf7
47. Nf5 Ne8 48. Ne3 Nd6 49. Ng4 Bf4 50. Ne3 Kg6 51. Kf3 Bg5 52. g4 Bh6 53. a4
Bg5 54. Ke2 Bf4 55. Nf5 Nxf5 56. gxf5+ Kxf5 57. Kd3 Bd6 58. Nb7 Bc7 59. Nc5 Bd6
60. Nb7 Bc7 1/2-1/2

[Event "136th YMCA Winter C"]
[Site "Warszawa"]
[Date "2014.01.06"]
[Round "1"]
[White "Sylwestrzuk, Mariusz"]
[Black "Pajak, Jakub"]
[Result "1-0"]
[WhiteElo "1709"]
[BlackElo "1718"]
[PlyCount "211"]
[EventDate "2014.01.06"]
[EventType "tourn"]
[EventRounds "1"]
[EventCountry "POL"]
[SourceDate "2014.01.06"]

1. e4 c6 2. d4 d5 3. exd5 cxd5 4. c4 Nf6 5. Nc3 e6 6. Nf3 Bb4 7. Bd3 O-O 8. O-O
dxc4 9. Bxc4 Nbd7 10. Qb3 Bxc3 11. bxc3 b6 12. Bf4 Bb7 13. Ne5 Nd5 14. Bg3 Nxe5
15. Bxe5 Qg5 16. Bg3 Rfc8 17. f4 Qg4 18. f5 Rd8 19. fxe6 Qxe6 20. Rae1 Qc6 21.
Re5 Nxc3 22. Bxf7+ Kh8 23. Qc2 Nd5 24. Qf2 Nf6 25. Re6 Qxg2+ 26. Qxg2 Bxg2 27.
Kxg2 Rd7 28. Be8 Rxd4 29. Bc6 Rc8 30. Rf2 h5 31. Be5 Rg4+ 32. Kf3 Nh7 33. Bf4
Nf8 34. Rd6 Ng6 35. Ke3 Ne7 36. Bd7 Rc5 37. Bxg4 hxg4 38. Rd8+ Kh7 39. Bg3 Nd5+
40. Kd4 Nb4 41. Rd7 Nc6+ 42. Ke3 Rc3+ 43. Rd3 Rc4 44. Rf4 Rc2 45. Rxg4 Rxa2 46.
Rh4+ Kg8 47. Rc3 Ne7 48. Kd3 b5 49. Re4 Nd5 50. Rc5 Ra3+ 51. Kd4 Nf6 52. Rf4
Ra4+ 53. Ke3 b4 54. Bh4 Ra3+ 55. Kd4 Nd7 56. Rc8+ Kh7 57. Rf7 Rh3 58. Bg3 Nf6
59. Rxa7 Nh5 60. Kc4 Nxg3 61. hxg3 Rxg3 62. Kxb4 Kh6 63. Rh8+ Kg6 64. Ra5 Re3
65. Rhh5 Kf6 66. Rad5 g6 67. Rhg5 Re6 68. Kc4 Ra6 69. Rg1 Rc6+ 70. Kb5 Re6 71.
Kc5 Kg7 72. Rd6 Re5+ 73. Kd4 Ra5 74. Rgxg6+ Kf7 75. Rh6 Kg7 76. Rb6 Ra4+ 77.
Kc3 Ra3+ 78. Kb2 Ra7 79. Kb3 Rf7 80. Kc4 Rf4+ 81. Kd5 Rf5+ 82. Ke4 Ra5 83. Rhd6
Ra4+ 84. Rd4 Ra7 85. Kf5 Ra5+ 86. Ke4 Ra7 87. Ke5 Ra5+ 88. Ke6 Ra8 89. Rg4+ Kh7
90. Kf6 Rf8+ 91. Ke7 Ra8 92. Rb3 Ra7+ 93. Kd8 Ra8+ 94. Kc7 Ra6 95. Rh3+ Rh6 96.
Rxh6+ Kxh6 97. Kd6 Kh5 98. Rg1 Kh4 99. Ke5 Kh3 100. Kf4 Kh2 101. Rg6 Kh3 102.
Rg4 Kh2 103. Rg3 Kh1 104. Kf3 Kh2 105. Kf2 Kh1 106. Rh3# 1-0

[Event "136th YMCA Winter C"]
[Site "Warszawa"]
[Date "2014.01.07"]
[Round "1"]
[White "Chylewski, Patryk"]
[Black "Judek, Magdalena"]
[Result "1-0"]
[WhiteElo "1749"]
[BlackElo "1794"]
[PlyCount "89"]
[EventDate "2014.01.06"]
[EventType "tourn"]
[EventRounds "1"]
[EventCountry "POL"]
[SourceDate "2014.01.06"]

1. e4 e5 2. Nf3 Nc6 3. Bb5 a6 4. Ba4 Nf6 5. O-O d6 6. Re1 Be7 7. c3 b5 8. Bb3
Bg4 9. d3 O-O 10. Nbd2 Na5 11. Bc2 c5 12. Nf1 Nc6 13. h3 Bh5 14. Ng3 Bg6 15. d4
cxd4 16. cxd4 Rc8 17. Be3 Nb4 18. Bb1 Qc7 19. Re2 a5 20. a3 Na6 21. Bd3 Qb8 22.
a4 Nb4 23. axb5 Nxd3 24. Qxd3 Nxe4 25. Nxe4 d5 26. Nxe5 Bxe4 27. Qb3 Bb4 28.
Qa4 Qd6 29. Bd2 Bxd2 30. Rxd2 Qh6 31. Qxa5 Qg5 32. f3 Qe3+ 33. Kh1 Bf5 34. b6
f6 35. b7 Rb8 36. Qxd5+ Kh8 37. Nc4 Qe6 38. Qxe6 Bxe6 39. d5 Bd7 40. Na5 Rfd8
41. Rc1 Bb5 42. d6 h6 43. Rc7 Kh7 44. d7 Kg6 45. Rc8 1-0

[Event "136th YMCA Winter C"]
[Site "Warszawa"]
[Date "2014.01.09"]
[Round "1"]
[White "Staniak, Mariusz"]
[Black "Szukalski, Antoni"]
[Result "1/2-1/2"]
[WhiteElo "1804"]
[BlackElo "1786"]
[PlyCount "54"]
[EventDate "2014.01.06"]
[EventType "tourn"]
[EventRounds "1"]
[EventCountry "POL"]
[SourceDate "2014.01.06"]

1. c4 e6 2. Nc3 c5 3. Nf3 Nc6 4. g3 Nf6 5. Bg2 d5 6. cxd5 exd5 7. d4 Be7 8. O-O
O-O 9. dxc5 Bxc5 10. Bf4 a6 11. Rc1 h6 12. Na4 Ba7 13. Nc5 Qe7 14. Nb3 Re8 15.
Nbd4 Nxd4 16. Nxd4 Bxd4 17. Qxd4 Qxe2 18. Bxh6 Qh5 19. Bf4 Bh3 20. f3 Re2 21.
Rf2 Rae8 22. Qd3 Re1+ 23. Rxe1 Rxe1+ 24. Rf1 Rxf1+ 25. Qxf1 Bxg2 26. Kxg2 Qf5
27. Qe2 Qd7 1/2-1/2

[Event "136th YMCA Winter C"]
[Site "Warszawa"]
[Date "2014.01.07"]
[Round "1"]
[White "Kacprzak, Karol"]
[Black "Major, Boguslaw"]
[Result "1/2-1/2"]
[WhiteElo "1779"]
[BlackElo "1800"]
[Annotator "Admin"]
[PlyCount "137"]
[EventDate "2014.01.06"]
[EventType "tourn"]
[EventRounds "1"]
[EventCountry "POL"]
[SourceDate "2014.01.06"]

1. c4 e5 2. Nc3 Nf6 3. g3 c6 4. Nf3 e4 5. Nd4 Qb6 6. e3 Na6 7. d3 exd3 8. Qxd3
Nc5 9. Qc2 d6 10. Bg2 Ne6 11. Nf3 Be7 12. O-O O-O 13. b3 Ng4 14. h3 Ne5 15. Bb2
Nxf3+ 16. Bxf3 Ng5 17. Bg2 Nxh3+ 18. Kh2 Ng5 19. f4 Ne6 20. Be4 h6 21. Kg2 Qxe3
22. Rh1 Nd4 23. Qd3 Qxd3 24. Bxd3 Bg4 25. Rhe1 Bf6 26. Ne4 Bf3+ 27. Kf2 Bxe4
28. Rxe4 c5 29. Rae1 Rfd8 30. Bxd4 Bxd4+ 31. Kf3 Kf8 32. R4e2 Re8 33. Rxe8+
Rxe8 34. Rxe8+ Kxe8 35. Ke4 Ke7 36. g4 g6 37. Be2 Ke6 38. Bf3 f5+ 39. gxf5+
gxf5+ 40. Kd3 b6 41. Ke2 Kf6 42. Bh5 Ke7 43. Kd3 a6 44. a4 Kd7 45. Bg6 Ke6 46.
Bh5 d5 47. Bg6 dxc4+ 48. bxc4 Kf6 49. Bh5 $11 Kg7 50. Ke2 Bc3 51. Kd3 Bb4 52.
Ke3 Kf6 53. Kd3 Ke6 54. Bg6 b5 55. cxb5 axb5 56. axb5 Ba3 57. b6 Bc1 58. Kc4
Bxf4 59. Kxc5 Be3+ 60. Kc4 Bxb6 61. Kd3 $11 f4 62. Ke4 Bc7 63. Kf3 Kf6 64. Be4
Kg5 65. Kg2 $11 h5 66. Bf3 h4 67. Be4 Kf6 68. Bf3 Ke5 $11 69. Bb7 1/2-1/2

[Event "136th YMCA Winter C"]
[Site "Warszawa"]
[Date "2014.01.07"]
[Round "1"]
[White "Krzyzanowski, Antoni"]
[Black "Zbrzeski, Piotr"]
[Result "1-0"]
[WhiteElo "1731"]
[BlackElo "1782"]
[PlyCount "65"]
[EventDate "2014.01.06"]
[EventType "tourn"]
[EventRounds "1"]
[EventCountry "POL"]
[SourceDate "2014.01.06"]

1. e4 Nf6 2. e5 Nd5 3. c4 Nb6 4. c5 Nd5 5. Nc3 Nxc3 6. dxc3 d6 7. Bc4 Nc6 8.
Nf3 Bf5 9. Qb3 d5 10. Bxd5 e6 11. Qxb7 exd5 12. Qxc6+ Bd7 13. Qxd5 c6 14. Qd4
Be7 15. e6 Bxe6 16. Qxg7 Bf6 17. Qg3 Qd3 18. Nd4 Qe4+ 19. Qe3 Qxg2 20. Nxe6
Qxh1+ 21. Ke2 fxe6 22. Qxe6+ Kd8 23. Qxf6+ Kd7 24. Qd6+ Kc8 25. Be3 Qe4 26. Rd1
Qg4+ 27. Kf1 Kb7 28. Qe7+ Ka6 29. Rd4 Qh3+ 30. Ke1 Rab8 31. Ra4+ Kb5 32. Qxa7
Ra8 33. c4# 1-0

[Event "136th YMCA Winter C"]
[Site "Warszawa"]
[Date "2014.01.07"]
[Round "1"]
[White "Milczarek, Robert"]
[Black "Lewandrowski, Tomasz"]
[Result "0-1"]
[WhiteElo "1830"]
[BlackElo "1817"]
[PlyCount "72"]
[EventDate "2014.01.06"]
[EventType "tourn"]
[EventRounds "1"]
[EventCountry "POL"]
[SourceDate "2014.01.06"]

1. d4 Nf6 2. c4 g6 3. Nc3 Bg7 4. e4 d6 5. Nf3 O-O 6. Be2 c5 7. d5 b5 8. cxb5 a6
9. b6 Qxb6 10. O-O Bg4 11. Nd2 Bxe2 12. Qxe2 Nbd7 13. Nc4 Qc7 14. Bf4 Nh5 15.
Bg5 Ne5 16. Nxe5 Bxe5 17. f4 Bd4+ 18. Kh1 e5 19. f5 f6 20. Bh6 Ng7 21. fxg6
hxg6 22. Rf3 f5 23. Rg3 Qf7 24. Bxg7 Kxg7 25. exf5 Qxf5 26. Ne4 Rab8 27. Ng5
Rxb2 28. Qd1 Rf2 29. Ne6+ Kg8 30. Nxf8 Bxa1 31. Rf3 Rxf3 32. gxf3 Kxf8 33. Qxa1
Qxf3+ 34. Kg1 Qg4+ 35. Kf1 Qc4+ 36. Ke1 Qe4+ 0-1

[Event "136th YMCA Winter C"]
[Site "Warszawa"]
[Date "2014.01.14"]
[Round "2"]
[White "Kaniewska, Emilia"]
[Black "Lewandrowski, Tomasz"]
[Result "1/2-1/2"]
[WhiteElo "1713"]
[BlackElo "1817"]
[Annotator "Admin"]
[PlyCount "173"]
[EventDate "2014.01.06"]
[EventType "tourn"]
[EventRounds "1"]
[EventCountry "POL"]
[SourceDate "2014.01.06"]

1. Nf3 Nf6 2. c4 g6 3. b4 Bg7 4. Bb2 c5 5. bxc5 Qa5 6. Qb3 Qxc5 7. d4 Qc7 8.
Nbd2 O-O 9. e4 d6 10. Be2 Nc6 11. O-O b6 12. d5 Na5 13. Qb4 Ba6 14. Rac1 Rfc8
15. Rfe1 Qc5 16. Qxc5 Rxc5 17. Bd4 Rc7 18. e5 Ne8 19. Rc2 Rac8 20. Rec1 Bh6 21.
Be3 Bxe3 22. fxe3 b5 23. exd6 exd6 24. c5 Rxc5 25. Rxc5 Rxc5 26. Rxc5 dxc5 27.
Ne4 c4 28. d6 Bc8 29. Ne5 f5 30. d7 Bxd7 31. Nc3 Bc8 32. Nxb5 Ba6 33. Nxa7 Nd6
34. Kf1 Ne4 35. Ke1 Nc3 36. Nac6 Nxc6 37. Nxc6 Nxa2 38. Ne5 Nc3 39. Bxc4+ Bxc4
40. Nxc4 Kg7 41. Nd2 $11 Kf6 42. Kf2 g5 43. h3 h5 44. g3 Ke5 45. Kf3 g4+ 46.
Kg2 Nd1 47. hxg4 hxg4 48. Kf1 Nxe3+ 49. Ke2 Nd5 50. Kd3 f4 51. Nc4+ Kf5 52.
Nd6+ Ke6 53. Ne4 f3 54. Nf2 Kf5 55. Kd4 Nf6 56. Ke3 Nh7 57. Kd3 Nf8 58. Ke3 Ne6
59. Kd3 Nc5+ 60. Ke3 Nb3 61. Ne4 Nc1 62. Nf2 Ne2 63. Ne4 Ke5 64. Nf2 Kf5 65.
Ne4 Nc1 66. Nf2 Nb3 67. Kd3 Nc5+ 68. Ke3 Nd7 69. Kd3 Nf6 70. Ke3 Nd5+ 71. Kd3
Nf4+ 72. Ke3 Ng2+ 73. Kd3 Kg5 74. Ne4+ Kg6 75. Nf2 Kh5 76. Ke4 Kg5 77. Kd3 Kf5
78. Kd4 Nf4 79. Ke3 Ne2 80. Ne4 Ng1 81. Nf2 Kg5 82. Ne4+ Kh5 83. Nf2 Ne2 84.
Ne4 Kg6 85. Nf2 Kf5 86. Ne4 Ng1 87. Nf2 1/2-1/2

[Event "136th YMCA Winter C"]
[Site "Warszawa"]
[Date "2014.01.22"]
[Round "2"]
[White "Zbrzeski, Piotr"]
[Black "Milczarek, Robert"]
[Result "1/2-1/2"]
[WhiteElo "1782"]
[BlackElo "1830"]
[Annotator "Admin"]
[PlyCount "88"]
[EventDate "2014.01.06"]
[EventType "tourn"]
[EventRounds "1"]
[EventCountry "POL"]
[SourceDate "2014.01.06"]

1. d4 Nf6 2. Bf4 g6 3. e3 Bg7 4. Bd3 d6 5. Nf3 O-O 6. O-O Nfd7 7. c3 e5 8. Bg5
f6 9. Bh4 Qe8 10. e4 Nc6 11. Nbd2 Kh8 12. dxe5 Ndxe5 13. Nxe5 dxe5 14. f3 Be6
15. Qe2 Rd8 16. Rfd1 Qf7 17. Bc2 Rd6 18. Nb3 Rfd8 19. Bf2 Bc4 20. Qe1 f5 21.
Bc5 R6d7 22. Rxd7 Rxd7 23. Rd1 b6 24. Rxd7 Qxd7 25. Be3 a5 26. Nc1 f4 27. Bf2
g5 28. Bb3 Bb5 29. Qd1 Qe8 30. Bc2 Nd8 31. Bd3 Bc6 32. Qb3 Qd7 33. Qd1 Nb7 34.
Bc2 Qe8 35. Bb3 Bf8 36. a3 g4 37. Bc2 gxf3 38. gxf3 Qg6+ 39. Kh1 Bd6 40. Qg1
Kg7 41. Nd3 Kf6 42. Bh4+ Kg7 43. Bf2 Kf6 44. Bh4+ Kg7 $11 1/2-1/2

[Event "136th YMCA Winter C"]
[Site "Warszawa"]
[Date "2014.01.09"]
[Round "2"]
[White "Major, Boguslaw"]
[Black "Krzyzanowski, Antoni"]
[Result "0-1"]
[WhiteElo "1800"]
[BlackElo "1731"]
[PlyCount "98"]
[EventDate "2014.01.06"]
[EventType "tourn"]
[EventRounds "1"]
[EventCountry "POL"]
[SourceDate "2014.01.06"]

1. d4 e6 2. c4 f5 3. Nc3 Nf6 4. g3 Be7 5. Bg2 O-O 6. Nh3 d6 7. Qb3 c6 8. O-O
Kh8 9. Bg5 h6 10. Bxf6 Bxf6 11. Nf4 Qe8 12. Bf3 g6 13. Qb4 e5 14. dxe5 dxe5 15.
Nxg6+ Kg7 16. Nxf8 Qxf8 17. Qxf8+ Kxf8 18. e4 f4 19. Rfd1 Be6 20. b3 Ke7 21.
Rd2 Na6 22. Rad1 Rg8 23. Kg2 Bg5 24. Rd6 Nb4 25. a3 Nc2 26. Rxe6+ Kxe6 27. Bg4+
Kf7 28. Rd7+ Be7 29. Bh5+ Kf6 30. Rxb7 Bxa3 31. Rxa7 Bb4 32. Ne2 Kg5 33. g4
Ne1+ 34. Kf1 Nf3 35. Kg2 Ne1+ 36. Kh3 Rd8 37. Rf7 Rf8 38. Rb7 Bc5 39. Rc7 Bxf2
40. Rxc6 Rg8 41. Re6 Nd3 42. Kg2 Bc5 43. Bf7 Rg7 44. h4+ Kxg4 45. Rxh6 Rxf7 46.
Nc3 f3+ 47. Kf1 Nc1 48. Na4 Bd4 49. c5 Nxb3 0-1

[Event "136th YMCA Winter C"]
[Site "Warszawa"]
[Date "2014.01.14"]
[Round "2"]
[White "Judek, Magdalena"]
[Black "Staniak, Mariusz"]
[Result "1/2-1/2"]
[WhiteElo "1794"]
[BlackElo "1804"]
[PlyCount "77"]
[EventDate "2014.01.06"]
[EventType "tourn"]
[EventRounds "1"]
[EventCountry "POL"]
[SourceDate "2014.01.06"]

1. e4 e5 2. Nf3 Nf6 3. Nc3 Nc6 4. Bc4 Bc5 5. O-O d6 6. h3 Be6 7. Bb3 Nd4 8. d3
c6 9. Na4 Nxb3 10. axb3 Bb6 11. Nxb6 axb6 12. Be3 c5 13. Nd2 Rxa1 14. Qxa1 Nh5
15. Qa7 Bc8 16. b4 O-O 17. bxc5 bxc5 18. Nc4 Nf4 19. Bxf4 exf4 20. Qb8 Qg5 21.
Kh1 Bxh3 22. Qxf8+ Kxf8 23. gxh3 Qh6 24. Kh2 b5 25. Nb6 Qh5 26. Ra1 g5 27. Ra8+
Kg7 28. Nd5 Qf3 29. Kg1 Qxh3 30. Ne7 h6 31. Nf5+ Kf6 32. Ra6 Ke5 33. Rxd6 f3
34. Rd5+ Kf6 35. Rd6+ Ke5 36. Rd5+ Ke6 37. Rd6+ Ke5 38. Rd5+ Kf6 39. Rd6+
1/2-1/2

[Event "136th YMCA Winter C"]
[Site "Warszawa"]
[Date "2014.01.14"]
[Round "2"]
[White "Pajak, Jakub"]
[Black "Chylewski, Patryk"]
[Result "0-1"]
[WhiteElo "1718"]
[BlackElo "1749"]
[PlyCount "132"]
[EventDate "2014.01.06"]
[EventType "tourn"]
[EventRounds "1"]
[EventCountry "POL"]
[SourceDate "2014.01.06"]

1. Nf3 c5 2. d4 cxd4 3. Nxd4 d5 4. e3 Nf6 5. c4 e6 6. Nc3 Bd6 7. cxd5 exd5 8.
Bb5+ Bd7 9. O-O O-O 10. Bxd7 Qxd7 11. h3 Nc6 12. Ncb5 Bc5 13. Nb3 Be7 14. Bd2
Ne5 15. Bc3 Nc4 16. N5d4 Ne4 17. Ne2 a5 18. Rb1 b5 19. Nd2 Nexd2 20. Bxd2 b4
21. Bc1 Qf5 22. Ra1 Bf6 23. Nd4 Qe4 24. b3 Ne5 25. Bb2 Nd3 26. Qd2 Rac8 27.
Rad1 Nxb2 28. Qxb2 Rc3 29. Qe2 Rfc8 30. Qb5 R3c5 31. Qa4 Qe5 32. Rd3 h5 33. a3
bxa3 34. Qxa3 Be7 35. b4 axb4 36. Qxb4 Rc1 37. Qd2 Bd6 38. Nf3 Qa1 39. Ne1 Rb8
40. Rxd5 Rb2 41. Qd3 Rxe1 42. Rxd6 Rxf1+ 43. Qxf1 Rb1 44. Rd8+ Kh7 45. Qxb1+
Qxb1+ 46. Kh2 Qe1 47. Kg3 Qe2 48. Rd4 g5 49. h4 gxh4+ 50. Rxh4 Kg6 51. Rf4 f6
52. Kh4 Qf1 53. Kg3 Kg5 54. Rd4 Qh1 55. Rd5+ f5 56. f4+ Kf6 57. Rd6+ Ke7 58.
Rd5 h4+ 59. Kf2 Ke6 60. Re5+ Kf6 61. e4 fxe4 62. Rxe4 h3 63. Re1 Qxg2+ 64. Ke3
Qg3+ 65. Ke2 Qxe1+ 66. Kxe1 h2 0-1

[Event "136th YMCA Winter C"]
[Site "Warszawa"]
[Date "2014.01.13"]
[Round "2"]
[White "Tegi, Robert"]
[Black "Sylwestrzuk, Mariusz"]
[Result "1/2-1/2"]
[WhiteElo "1733"]
[BlackElo "1709"]
[PlyCount "86"]
[EventDate "2014.01.06"]
[EventType "tourn"]
[EventRounds "1"]
[EventCountry "POL"]
[SourceDate "2014.01.06"]

1. d4 d5 2. c4 c6 3. Nf3 Nf6 4. Nc3 e6 5. e3 Nbd7 6. Bd3 dxc4 7. Bxc4 b5 8. Bd3
b4 9. Ne4 Nxe4 10. Bxe4 Bb7 11. O-O Be7 12. b3 O-O 13. Bb2 Nf6 14. Bd3 a5 15.
Rc1 Rc8 16. Qe2 Nd5 17. Ne5 Bf6 18. Ng4 Be7 19. Rfe1 Nf6 20. Nxf6+ Bxf6 21. Rc5
Be7 22. Rh5 g6 23. Rh3 Bf6 24. Be4 Qb6 25. Qf3 Bg7 26. Rc1 f5 27. Bd3 c5 28.
Qe2 cxd4 29. Bc4 Bd5 30. exd4 Bxd4 31. Rd1 Bxc4 32. bxc4 Bxb2 33. Qxb2 Rxc4 34.
Rd7 e5 35. Rhxh7 Re8 36. Rhg7+ Kh8 37. Rh7+ Kg8 38. Rhg7+ Kh8 39. Qd2 f4 40.
Rh7+ Kg8 41. Rhg7+ Kh8 42. Rh7+ Kg8 43. Rhg7+ Kh8 1/2-1/2

[Event "136th YMCA Winter C"]
[Site "Warszawa"]
[Date "2014.01.21"]
[Round "3"]
[White "Sylwestrzuk, Mariusz"]
[Black "Kaniewska, Emilia"]
[Result "1/2-1/2"]
[WhiteElo "1709"]
[BlackElo "1713"]
[PlyCount "157"]
[EventDate "2014.01.06"]
[EventType "tourn"]
[EventRounds "1"]
[EventCountry "POL"]
[SourceDate "2014.01.06"]

1. e4 c5 2. Nf3 d6 3. d4 cxd4 4. Nxd4 Nf6 5. Nc3 a6 6. Bg5 e6 7. f4 Nbd7 8. Qf3
Qc7 9. O-O-O Be7 10. g4 Rb8 11. Bxf6 Nxf6 12. g5 Nd7 13. h4 b5 14. f5 Ne5 15.
Qf2 b4 16. Nce2 exf5 17. Nxf5 Bxf5 18. exf5 b3 19. axb3 Rxb3 20. Nd4 Rb8 21.
Rh3 O-O 22. f6 Bd8 23. fxg7 Re8 24. Nf5 Be7 25. Qd4 Rbc8 26. Rc3 Qb7 27. Bc4
Rb8 28. Rb3 Qc7 29. Bxf7+ Nxf7 30. Qd5 Bxg5+ 31. hxg5 Rxb3 32. Qxb3 d5 33. Qxd5
Qf4+ 34. Kb1 Qxg5 35. Rh1 Qg6 36. Qd7 Qe6 37. Qd3 Qg6 38. Qh3 a5 39. Qf1 Re5
40. Nh6+ Kxg7 41. Nxf7 Rf5 42. Qh3 Rxf7 43. Qc3+ Rf6 44. Qxa5 Qf7 45. Rg1+ Rg6
46. Rxg6+ hxg6 47. Qe5+ Kh6 48. b4 g5 49. b5 g4 50. b6 Qf3 51. Qe6+ Kh5 52. Qb3
Qxb3+ 53. cxb3 g3 54. b7 g2 55. b8=Q g1=Q+ 56. Ka2 Qf2+ 57. Ka3 Qe3 58. Ka4
Qe4+ 59. b4 Qc2+ 60. Ka5 Qa2+ 61. Kb6 Qe6+ 62. Kc5 Qf5+ 63. Kc6 Qe4+ 64. Kd7
Qf5+ 65. Kc6 Qe4+ 66. Kb5 Qd5+ 67. Kb6 Qe6+ 68. Ka7 Qa2+ 69. Kb7 Qd5+ 70. Kb6
Qe6+ 71. Kc5 Qe3+ 72. Kd5 Qd3+ 73. Ke6 Qc4+ 74. Kf5 Qg4+ 75. Kf6 Qg5+ 76. Ke6
Qg4+ 77. Kd5 Qf3+ 78. Kc5 Qc3+ 79. Kb5 1/2-1/2

[Event "136th YMCA Winter C"]
[Site "Warszawa"]
[Date "2014.01.23"]
[Round "3"]
[White "Chylewski, Patryk"]
[Black "Tegi, Robert"]
[Result "1-0"]
[WhiteElo "1749"]
[BlackElo "1733"]
[PlyCount "61"]
[EventDate "2014.01.06"]
[EventType "tourn"]
[EventRounds "1"]
[EventCountry "POL"]
[SourceDate "2014.01.06"]

1. d4 c6 2. c4 d5 3. Nf3 Nf6 4. Nc3 dxc4 5. a4 Bf5 6. e3 e6 7. Bxc4 Bb4 8. O-O
O-O 9. Qe2 Bg6 10. Ne5 Nbd7 11. Nxg6 hxg6 12. Rd1 Nd5 13. Bd2 Qe7 14. e4 N5b6
15. Bb3 a5 16. Be3 Rfd8 17. Qg4 Rdc8 18. Bg5 Qe8 19. Rac1 Nf6 20. Bxf6 gxf6 21.
h4 Kg7 22. h5 f5 23. Qg3 Qe7 24. hxg6 fxg6 25. Ne2 g5 26. Nf4 Rh8 27. Nxe6+ Kg6
28. exf5+ Kxf5 29. Qf3+ Kg6 30. Bc2+ Kh6 31. Qh3# 1-0

[Event "136th YMCA Winter C"]
[Site "Warszawa"]
[Date "2014.01.24"]
[Round "3"]
[White "Staniak, Mariusz"]
[Black "Pajak, Jakub"]
[Result "1-0"]
[WhiteElo "1804"]
[BlackElo "1718"]
[Annotator "Admin"]
[PlyCount "119"]
[EventDate "2014.01.06"]
[EventType "tourn"]
[EventRounds "1"]
[EventCountry "POL"]
[SourceDate "2014.01.06"]

1. c4 c6 2. Nf3 d5 3. d4 e6 4. Nc3 dxc4 5. a4 Bb4 6. e3 b5 7. Bd2 Bb7 8. axb5
Bxc3 9. Bxc3 cxb5 10. b3 a5 11. bxc4 b4 12. Bd2 Nf6 13. Bd3 Nbd7 14. Qc2 O-O
15. e4 e5 16. Nxe5 Nxe5 17. dxe5 Qd4 18. O-O Bxe4 19. Bxe4 Nxe4 20. Be3 Qxe5
21. Rfe1 Rfe8 22. Bb6 Re6 23. c5 f5 24. Rxa5 Rxa5 25. Bxa5 Qxc5 26. Qxc5 Nxc5
27. Rxe6 Nxe6 28. Bxb4 $11 Kf7 29. Kf1 Kg6 30. Bc3 Kh5 31. h3 Kh4 32. Ke2 Kg5
33. Kf3 Kg6 34. Be5 Ng5+ 35. Kf4 Ne4 36. f3 Nc5 37. Bc3 Ne6+ 38. Ke5 Nc5 39.
Kd5 Nd3 40. Bd2 Kf6 41. Kd4 Nf2 42. Ke3 Nh1 43. Be1 g5 44. f4 h6 45. Kf3 gxf4
46. Kxf4 Kg6 47. g3 Kh5 48. Kf3 Kg5 49. Kg2 Nxg3 50. Kxg3 Kh5 51. Bd2 Kg6 52.
Kh4 h5 53. Bf4 Kh7 54. Kxh5 Kh8 55. Kg6 Kg8 56. h4 Kh8 57. h5 Kg8 58. h6 Kh8
59. Be5+ Kg8 60. h7+ 1-0

[Event "136th YMCA Winter C"]
[Site "Warszawa"]
[Date "2014.02.21"]
[Round "3"]
[White "Kacprzak, Karol"]
[Black "Judek, Magdalena"]
[Result "1-0"]
[WhiteElo "1779"]
[BlackElo "1794"]
[PlyCount "45"]
[EventDate "2014.01.06"]
[EventType "tourn"]
[EventRounds "1"]
[EventCountry "POL"]
[SourceDate "2014.01.06"]

1. c4 e5 2. Nc3 Nc6 3. Nf3 Nf6 4. d3 Bb4 5. Bd2 O-O 6. g3 d6 7. Bg2 Bd7 8. O-O
Qc8 9. Nd5 Nxd5 10. cxd5 Bxd2 11. dxc6 bxc6 12. Qxd2 h6 13. e4 c5 14. Nh4 Rb8
15. f4 exf4 16. Rxf4 Rb4 17. Raf1 Qa6 18. b3 Rd4 19. Ng6 Rd8 20. Rxf7 Rxd3 21.
Qf4 Qxa2 22. Rxg7+ Kxg7 23. Qf7# 1-0

[Event "136th YMCA Winter C"]
[Site "Warszawa"]
[Date "2014.01.21"]
[Round "3"]
[White "Krzyzanowski, Antoni"]
[Black "Szukalski, Antoni"]
[Result "0-1"]
[WhiteElo "1731"]
[BlackElo "1786"]
[PlyCount "68"]
[EventDate "2014.01.06"]
[EventType "tourn"]
[EventRounds "1"]
[EventCountry "POL"]
[SourceDate "2014.01.06"]

1. c4 Nf6 2. d4 e6 3. Nc3 d5 4. Bg5 Be7 5. Nf3 Nbd7 6. e3 O-O 7. Bd3 dxc4 8.
Bxc4 b6 9. O-O Bb7 10. Re1 Ne4 11. Bxe7 Qxe7 12. Qc2 Ndf6 13. Rad1 Rfd8 14. Ne5
c5 15. f4 cxd4 16. exd4 Nxc3 17. bxc3 Qc7 18. f5 Bd5 19. Bd3 Rac8 20. c4 exf5
21. Bxf5 Be6 22. Bxe6 fxe6 23. Qb3 Rd6 24. Qb5 Rcd8 25. Rc1 Rxd4 26. Nc6 a6 27.
Qa4 Qd7 28. Qxa6 Qxc6 29. c5 Rd2 30. Re2 Rd1+ 31. Rxd1 Rxd1+ 32. Kf2 Qxc5+ 33.
Kf3 Rf1+ 34. Kg3 Qg5+ 0-1

[Event "136th YMCA Winter C"]
[Site "Warszawa"]
[Date "2014.01.21"]
[Round "3"]
[White "Milczarek, Robert"]
[Black "Major, Boguslaw"]
[Result "1-0"]
[WhiteElo "1830"]
[BlackElo "1800"]
[PlyCount "53"]
[EventDate "2014.01.06"]
[EventType "tourn"]
[EventRounds "1"]
[EventCountry "POL"]
[SourceDate "2014.01.06"]

1. d4 d5 2. c4 dxc4 3. e3 Nf6 4. Bxc4 e6 5. Nf3 c5 6. O-O a6 7. a4 Nc6 8. Qe2
cxd4 9. Rd1 Be7 10. exd4 Nb4 11. Nc3 Nbd5 12. Ne5 O-O 13. Bg5 h6 14. Bc1 Nxc3
15. bxc3 Nd5 16. Qf3 Qc7 17. Qg3 Kh7 18. Bd3+ f5 19. c4 Nc3 20. Re1 Bd6 21.
Qg6+ Kg8 22. Ba3 Bd7 23. Nxd7 Qxd7 24. Qxe6+ Qxe6 25. Rxe6 Bxa3 26. Rxa3 Rae8
27. Rxe8 1-0

[Event "136th YMCA Winter C"]
[Site "Warszawa"]
[Date "2014.01.21"]
[Round "3"]
[White "Lewandrowski, Tomasz"]
[Black "Zbrzeski, Piotr"]
[Result "1-0"]
[WhiteElo "1817"]
[BlackElo "1782"]
[PlyCount "111"]
[EventDate "2014.01.06"]
[EventType "tourn"]
[EventRounds "1"]
[EventCountry "POL"]
[SourceDate "2014.01.06"]

1. e4 Nf6 2. e5 Nd5 3. c4 Nb6 4. c5 Nd5 5. Nc3 Nxc3 6. dxc3 d6 7. Qb3 e6 8.
cxd6 cxd6 9. Nf3 d5 10. Bd3 Nd7 11. Qa4 Qc7 12. O-O Qc6 13. Qf4 h6 14. Re1 Nc5
15. Bc2 a6 16. a4 b6 17. Be3 Bd7 18. Bd4 Nb7 19. Re3 Bc5 20. b4 Be7 21. h4 a5
22. b5 Qc7 23. Ne1 g5 24. Qg4 O-O-O 25. h5 Nc5 26. Qf3 Rhf8 27. g4 Kb8 28. Qe2
Bc8 29. Rf3 Bb7 30. Qe3 Ka7 31. Qd2 Ne4 32. Qd1 Rc8 33. Rc1 Ba3 34. Bxe4 dxe4
35. Rf6 Bxc1 36. Qxc1 Rh8 37. Ng2 Rcd8 38. Qa3 Rd7 39. Ne3 Qd8 40. Qb2 Qc8 41.
Qe2 Rc7 42. Nd1 Bd5 43. Qd2 Qb7 44. Qb2 Qc8 45. Ne3 Qd7 46. Qd2 Bb3 47. c4 Kb7
48. Nf5 exf5 49. Rxb6+ Kc8 50. Rd6 Qxd6 51. exd6 Rxc4 52. Bxh8 Kd7 53. Be5 Rb4
54. gxf5 Bxa4 55. Qd5 Bxb5 56. Qb7+ 1-0